Primi 15 paesi interessati da Covid-19 - 4 maggio - Statistics

Statistiche generali
  • Questo quiz è stato fatto 7 volte
  • Il punteggio medio è 13 su 24
Statistiche sulle risposte
nazione % Corretto
Germania
100%
Italia
100%
Cina
86%
Francia
86%
Spagna
86%
Stati Uniti
86%
Brasile
71%
India
71%
Regno Unito
71%
Russia
71%
Belgio
57%
Belgio
57%
Canada
57%
Iran
57%
Portogallo
57%
Paesi Bassi
43%
Turchia
43%
Svizzera
29%
Irlanda
14%
Perù
14%
Qatar
14%
Svezia
14%
Bahrain
0%
Singapore
0%
Nessun quiz corrispondente trovato
Distribuzione punteggi
Percentuale di utenti per punteggio
Percentile per numero di risposta
I tuoi punteggi nel tempo
Non hai fatto questo quiz